Impuesto a las ventas (Registro nro. 6475)

Detalles MARC
000 -LEADER
fixed length control field 00807 a2200205 4500
001 - CONTROL NUMBER
control field 58606
005 - DATE AND TIME OF LATEST TRANSACTION
control field 20260407155842.0
008 - FIXED-LENGTH DATA ELEMENTS--GENERAL INFORMATION
fixed length control field 260407a1966 arg spa d
003 - CONTROL NUMBER IDENTIFIER
control field AR-UNSa-BCEJYS
040 ## - CATALOGING SOURCE
Original cataloging agency AR-UNSa-BCEJYS
Language of cataloging spa
Transcribing agency AR-UNSa-BCEJYS
080 ## - UNIVERSAL DECIMAL CLASSIFICATION NUMBER
Universal Decimal Classification number 336.226.331
Common auxiliary subdivision Impuestos sobre comestibles, bebidas y tabaco (Impuestos Internos)
100 1# - MAIN ENTRY--PERSONAL NAME
Personal name Chalupowicz, Israel
245 10 - TITLE STATEMENT
Title Impuesto a las ventas
264 #1 - PRODUCTION, PUBLICATION, DISTRIBUTION, MANUFACTURE, AND COPYRIGHT NOTICE
Place of production, publication, distribution, manufacture Buenos Aires :
Name of producer, publisher, distributor, manufacturer Abeledo Perrot
Date of production, publication, distribution, manufacture, or copyright notice 1966
300 ## - PHYSICAL DESCRIPTION
Extent 221 p.
Dimensions 23 cm.
505 ## - FORMATTED CONTENTS NOTE
Formatted contents note Ordenamiento alfabético de los distintos temas vinculados a este impuesto con las correspondientes citas legales y jurisprudencia actualizada al 30-6-966
590 ## - LOCAL NOTE (RLIN)
Local note niveau_biblio:m niveau_hierar:0
700 1# - ADDED ENTRY--PERSONAL NAME
Personal name Colegio de Graduados en Ciencias Económicas de la Capital Federal
942 ## - ADDED ENTRY ELEMENTS (KOHA)
Koha item type
Existencias
Withdrawn status Lost status Damaged status Not for loan Home library Current library Shelving location Date acquired Total checkouts Full call number Barcode Date last seen Price effective from Koha item type
        Biblioteca Prof. Eusebio Cleto del Rey Biblioteca Prof. Eusebio Cleto del Rey   07/04/2026   336.226.331 C436 L22440 07/04/2026 07/04/2026 Libro
        Biblioteca Prof. Eusebio Cleto del Rey Biblioteca Prof. Eusebio Cleto del Rey   07/04/2026   336.226.331 C436 L22439 07/04/2026 07/04/2026 Libro